| 000 | 00768cam a22002655a 4500 | ||
|---|---|---|---|
| 005 | 20201128013306.0 | ||
| 008 | 091220t2007 njua|||fr || 00110 eengdd | ||
| 010 | _a 2004269766 | ||
| 020 | _a9780132038133 | ||
| 022 | _a0132038137 | ||
| 082 | 0 | 0 |
_a620.103 _bHIB _222 |
| 100 | 1 |
_aHibbeler, R. C. _910021 |
|
| 245 | 1 | 0 |
_aEngineering Mechanics : _pStatics / _cR.C. Hibbeler |
| 246 | 3 | 0 | _aStatics. |
| 250 | _a11th ed. | ||
| 260 |
_aUpper Saddle River : _bPrentice Hall, _cc.2007. |
||
| 300 |
_axv, 658 p. : _bcol. ill. ; _c25 cm. |
||
| 504 | _aIndex : p. 654-658. | ||
| 590 | _adoaa mohamed | ||
| 650 | 0 |
_aStatics _910022 _2BUEsh |
|
| 650 | 0 |
_aMechanics, Applied _92049 _2BUEsh |
|
| 651 | _2BUEsh | ||
| 653 | _bENGGEN | ||
| 942 |
_cBB _k620.103 HIB _2ddc |
||
| 999 |
_c4935 _d4935 |
||